000 00514nam a2200169 i 4500
001 101508
003 ES-MaACL
005 20230906182925.0
007 t|
008 051019s1969 sp ||||1| spa d
245 0 3 _aLa mecanización de la vendimia.
260 _aMadrid :
_bCapacitación Agrária,
_c1969.
300 _a100 p., 4 lám. :
_bil. ;
_c24 cm.
500 _aEjemplar multicopista.
710 2 _aEspaña.
_bDirección General de Capacitación Agraria.
_93712
852 _aES-MaACL
_jC-45563
_bR.69581
999 _c101508
_d101508